Personnages d'anime (manga) en images - J - Statistiques

Statistiques générales
  • Ce quiz a été pris 203 fois
    177 depuis la dernière actualisation
  • Le résultat moyen est 5 sur 20
Statistiques - réponses
Par images Réponse % Correct
Jean Kirstein
92%
Jogo
61%
Jugo
57%
Jean-Pierre Polnareff
41%
Joker
37%
Jin Bubaigawara
34%
Julius Novachrono
32%
Jura Nekis
29%
Joichiro Saiba/Yukihira
16%
Jushiro Ukitake
16%
Jibril
15%
Judai Yuki
10%
Jet Black
7%
John H. Watson
7%
Juichi Fukutomi
6%
Jun Arashiyama
6%
Judar
3%
Jean-Ken Johnny
1%
Jimihen
0%
Jugem Jugem
0%
Aucun quiz correspondant
Distribution des résultats
% des personnes avec chaque résultat
Percentile par nombre de réponses
Votre historique - résultats
Vous n’avez pas pris ce quiz depuis la dernière actualisation